Podział administracyjny Norwegii - flagi - Statystyki

Ogólne statystyki
  • Ten quiz został rozwiązany 52 razy
  • Średni wynik to 6 z 15
Statystyki odpowiedzi
Obrazkowy Odpowiedź % Poprawnych
Oslo
88%
Nordland
50%
Rogaland
50%
Akershus
38%
Buskerud
38%
Østfold
38%
Telemark
38%
Vestland
38%
Agder
25%
Finnmark
25%
Innlandet
25%
Møre og Romsdal
25%
Troms
25%
Trøndelag
25%
Vestfold
25%
Nie znaleziono quizów pasujących do podanych kryteriów
Rozkład punktacji
Procent ludzi z każdym wynikiem
Percentyl według liczby udzielonych odpowiedzi
Twoja historia wyników
Nie rozwiązałeś tego quizu